| 000 | 00569nam a2200181 i 4500 | ||
|---|---|---|---|
| 001 | 42648 | ||
| 003 | ES-MaACL | ||
| 005 | 20230906160644.0 | ||
| 007 | t| | ||
| 008 | 030313s1957 sp ||||1| spa d | ||
| 100 | 1 |
_aCeram, C. W. _937441 |
|
| 245 | 1 | 3 |
_aEl misterio de los Hititas / _cC. W. Ceram (seud.) ; [traducción del alemán por Jaime Gascón]. |
| 250 | _a1º ed. | ||
| 260 |
_aBarcelona : _bDestino, _c[1957] ( _fAgustín Núñez) |
||
| 300 |
_a283 p., 48 lám. : _bil. ; _c25 cm. |
||
| 700 | 1 |
_aGascón, Jaime. _955852 |
|
| 852 |
_aES-MaACL _jC-13003 _bR.41089 |
||
| 999 |
_c42648 _d42648 |
||